<?xml version="1.0" encoding="UTF-8"?>
<resp>
  <nextPage>https://data.bn.org.pl/api/networks/bibs.marcxml?marc=001+b00001150000588&amp;sinceId=1150000589</nextPage>
  <collection>
    <record xmlns='http://www.loc.gov/MARC21/slim'><leader>01445namZa2200289ZiZ4500</leader><controlfield tag='001'>b00001150000588</controlfield><controlfield tag='005'>20241203215724.4</controlfield><controlfield tag='008'>230609s        pl           |000 0 pol c</controlfield><controlfield tag='009'>9913261459105606</controlfield><datafield ind1=' ' ind2=' ' tag='035'><subfield code='a'>KR_1KR_1_20120317232818097541-48omnis_kr</subfield></datafield><datafield ind1=' ' ind2=' ' tag='035'><subfield code='a'>KR_1_20120317232818097541</subfield><subfield code='9'>ExL</subfield></datafield><datafield ind1=' ' ind2=' ' tag='035'><subfield code='a'>(PL)b00001150000588</subfield></datafield><datafield ind1=' ' ind2=' ' tag='040'><subfield code='a'>KR_1</subfield><subfield code='c'>KR_1</subfield></datafield><datafield ind1='0' ind2=' ' tag='041'><subfield code='a'>pol</subfield></datafield><datafield ind1='1' ind2=' ' tag='100'><subfield code='a'>Materska, Katarzyna</subfield></datafield><datafield ind1='1' ind2='0' tag='245'><subfield code='a'>Działalność informacyjna bibliotek w zakresie informacji europejskiej /</subfield><subfield code='c'>Katarzyna Materska. Instytut Informacji Naukowej i Studiów Bibliologicznych Uniwersytetu Warszawskiego. Centrum Edukacji Bibliotekarskiej, Informacyjnej i Dokumentacyjnej im. Heleny Radlińskiej.</subfield></datafield><datafield ind1=' ' ind2=' ' tag='260'><subfield code='a'>W-wa :</subfield><subfield code='b'>IIN i SB UW :</subfield><subfield code='b'>CEBID ;</subfield><subfield code='c'>2003.</subfield></datafield><datafield ind1=' ' ind2=' ' tag='300'><subfield code='a'>72 s. ;</subfield><subfield code='c'>30 cm</subfield></datafield><datafield ind1='1' ind2=' ' tag='490'><subfield code='a'>Informacja Europejska w Polskich Bibliotekach Publicznych</subfield></datafield><datafield ind1=' ' ind2=' ' tag='500'><subfield code='a'>n</subfield></datafield><datafield ind1='2' ind2='9' tag='610'><subfield code='a'>Unia Europejska</subfield></datafield><datafield ind1='1' ind2=' ' tag='710'><subfield code='a'>Polska</subfield><subfield code='b'>Instytut Informacji Naukowej i Studiów Bibliologicznych Uniwersytetu Warszawskiego</subfield><subfield code='b'>Centrum Edukacji Bibliotekarskiej, Informacyjnej i Dokumentacyjnej im. Heleny Radlińskiej</subfield></datafield><datafield ind1=' ' ind2=' ' tag='852'><subfield code='b'>48OMNIS_NETWORK</subfield><subfield code='8'>9913261459105606</subfield></datafield><datafield ind1=' ' ind2=' ' tag='852'><subfield code='b'>48OMNIS_KR</subfield><subfield code='8'>991000005889708216</subfield></datafield></record>
  </collection>
</resp>
